书目信息 |
| 题名: |
天平与砝码
|
|
| 作者: | 郭华荣 编著 | |
| 分册: | ||
| 出版信息: | 北京 机械工业出版社 1988.12 |
|
| 页数: | 514页 | |
| 开本: | 20cm | |
| 丛书名: | ||
| 单 册: | ||
| 中图分类: | TH715.1 | |
| 科图分类: | ||
| 主题词: | 计量仪器 | |
| 电子资源: | ||
| ISBN: | 7-111-00152-4 | |
| 000 | 00549nam0 2200193 45 | |
| 001 | 0312221749 | |
| 005 | 20040520170320.1 | |
| 010 | @dCNY6.60@a7-111-00152-4 | |
| 100 | @a20031222d1988 km y0chiy0120 ea | |
| 101 | @achi | |
| 105 | @a z 000yy | |
| 200 | 1 | @a天平与砝码@ATian Ping Yu Fa Ma@f郭华荣编著@FGuo Hua Rong Bian Zhu@e检修.使用与管理 |
| 210 | @a北京@c机械工业出版社@d1988.12 | |
| 215 | @a514页@d20cm | |
| 606 | 0 | @a计量仪器 |
| 690 | @aTH715.1@v3 | |
| 701 | 0 | @a郭华荣@4编著 |
| 801 | @aCN@bTSTCL@c20031222 | |
| 905 | @dTH715.1@e23@f1@b218720 | |
| 天平与砝码/郭华荣编著:检修.使用与管理.-北京:机械工业出版社,1988.12 |
| 514页;20cm |
| ISBN 7-111-00152-4:CNY6.60 |
| ● |
| 相关链接 |
|
|
|
|
正题名:天平与砝码
索取号:TH715.1/23
 
预约/预借
| 序号 | 登录号 | 条形码 | 馆藏地/架位号 | 状态 | 备注 |
| 1 | 0218720 | 001365828 | 第三借阅区/ [索取号:TH715.1/23] | 在馆 | |
| 2 | 0218721 | 001365864 | 第二样本阅览室/ [索取号:TH715.1/23] | 在馆 |